000 00548nam a2200193Ia 4500
003 GCL
008 140319s9999 xx 000 0 ara d
040 _aGCL /
_cGCL
082 0 4 _a191
_bز ع
100 1 _aزكى نجيب محمود
245 1 0 _aعربى بين ثقافتين, ط2 /
_cزكى نجيب محمود
260 _a[S.N] :
_bدار الشروق ،
_c1993
300 _a418 ص
490 _a
650 0 4 _aالثقافة
650 0 4 _aالثقافة العربية
650 0 4 _aالثقافة الغربية
942 _2ddc
_cBK
999 _c45991
_d45991